" Be a patriot, kill a priestí" Father Michael Campbell-Johnson remembers his fellow Jesuits at the Catholic University of San Salvador, assassinated by a death aquad
Wedi'i Gadw mewn:
| Fformat: | Texto |
|---|---|
| Pynciau: | |
| Tagiau: |
Ychwanegu Tag
Dim Tagiau, Byddwch y cyntaf i dagio'r cofnod hwn!
|
MARC
| LEADER | 00000 a a2200000 04500 | ||
|---|---|---|---|
| 001 | 2685 | ||
| 003 | |||
| 040 | |a CRAI/IIS |c CRAI/IIS | ||
| 245 | |a " Be a patriot, kill a priestí" Father Michael Campbell-Johnson remembers his fellow Jesuits at the Catholic University of San Salvador, assassinated by a death aquad | ||
| 650 | |a HOMICIDIO | ||
| 650 | |a CLERO | ||
| 650 | |a REPRESION | ||
| 650 | |a CRIMENES DE GUERRA | ||
| 650 | |a GUERRA | ||
| 650 | |a FUERZAS ARMADAS | ||
| 650 | |a INTERVENCION EXTRANJERA | ||
| 650 | |a EL SALVADOR | ||
| 773 | |g número 40; 7 página | ||
| 999 | |c 20038 |d 20038 | ||
